000 00928nam a2200265 a 4500
001 BRCA_4832
005 20190320204826.0
008 880817s1961 sp-ae#####---#000-0#spa-#
041 _aspa
044 _asp
050 4 _aNA5811
_b.M66 1961
245 1 0 _aMonasterio de Las Huelgas-Burgos
_ccomentarios y notas por José Luis y Monteverde.
260 _aMadrid
_bPatrimonio Nacional
_c1961
300 _a47 p.
_bil. (algunas a color), 1 plano, 26 láminas
_c18 cm.
440 0 _aGuías turísticas. Patrimonio nacional
_v8
_912240
500 _aEstado físico: Hojas desprendidas
500 _aCFG80
610 2 4 _aMonasterio de Las Huelgas
_zBurgos, España
_912241
650 1 4 _aArquitectura gótica
_zEspaña
_912242
650 1 4 _aArquitectura mudéjar
_zEspaña
_92006
651 4 _aBurgos, España
_xConstrucciones, estructuras, etc.
_912243
700 1 _aMonteverde, José Luis
_912244
902 _aGFM
942 _2lcc
_cB
999 _c4527
_d4527